Phil Collins or Genesis? - Statistics

General Stats
  • This quiz has been taken 148 times
  • The average score is 9 of 10
Answer Stats
Question Answer % Correct
Land of Confusion Genesis
98%
Invisible Touch Genesis
96%
Against All Odds Phil Collins
96%
Easy Lover Phil Collins
96%
In The Air Tonight Phil Collins
96%
No Son of Mine Genesis
84%
Two Hearts Phil Collins
84%
Misunderstanding Genesis
80%
Tonight, Tonight, Tonight Genesis
76%
In Too Deep Genesis
70%
No matching quizzes found
Score Distribution
Percent of People with Each Score
Percentile by Number Answered
Your Score History
You have not taken this quiz